Guess the 1970s song lyrics #5 - Statistics

General Stats
  • This quiz has been taken 95 times
  • The average score is 107 of 227
Answer Stats
Answer % Correct
a
99%
the
96%
The
96%
you
93%
You
93%
and
85%
And
85%
When
85%
when
85%
where
82%
He
81%
he
81%
on
77%
To
77%
to
77%
be
76%
it
76%
your
74%
is
73%
no
73%
in
71%
so
71%
that
70%
who
70%
then
65%
was
62%
were
58%
This
54%
this
54%
him
52%
his
52%
know
52%
one
52%
say
52%
you're
52%
up
50%
but
49%
But
49%
It's
49%
it's
49%
day
48%
down
46%
Just
46%
never
46%
night
45%
now
45%
got
43%
look
43%
been
42%
you've
42%
way
40%
Way
40%
out
39%
some
38%
tell
38%
about
36%
give
36%
going
36%
face
35%
everything
32%
feel
32%
long
32%
seen
32%
always
31%
he's
31%
He's
31%
more
31%
there's
31%
You'll
31%
away
30%
find
30%
talk
30%
Well
30%
head
29%
think
29%
gonna
25%
wake
25%
wrong
25%
year
25%
home
24%
Light
24%
light
24%
Street
24%
street
24%
thought
24%
dream
23%
new
23%
place
23%
sun
23%
you'd
23%
easy
21%
forget
21%
happy
21%
keep
21%
many
21%
morning
21%
feet
20%
makes
20%
people
20%
another
19%
Another
19%
anything
19%
asks
19%
city
19%
he'll
19%
stop
19%
taken
19%
used
19%
Cause
18%
cold
18%
crying
18%
shining
18%
town
18%
Baker
17%
buying
17%
land
17%
little
17%
drink
15%
rollin
15%
soul
15%
stands
15%
stone
15%
booze
14%
dead
14%
moving
14%
Winding
14%
quiet
13%
crazy
12%
settle
12%
door
11%
trying
11%
held
8%
opens
8%
desert
5%
No matching quizzes found
Score Distribution
Percent of People with Each Score
Percentile by Number Answered
Your Score History
You have not taken this quiz